Развитие познавательной активности учащихся и студентов через научно-техническую и исследовательскую деятельность (Запись № 11338258)
[ простой вид ]
| 000 -МАРКЕР | |
|---|---|
| контрольное поле | 03407nam0a2200409 4500 |
| 001 - ИДЕНТИФИКАТОР ЗАПИСИ | |
| контрольное поле | RU\NLR\BIBL_A\011691032 |
| 005 - ИДЕНТИФИКАТОР ВЕРСИИ | |
| контрольное поле | 20180531140539.0 |
| 010 ## - МЕЖДУНАРОДНЫЙ СТАНДАРТНЫЙ НОМЕР КНИГИ (ISBN) | |
| Номер (ISBN) | 978-5-9906438-6-4 |
| Тираж | 100 |
| 021 ## - НОМЕР ГОСУДАРСТВЕННОЙ РЕГИСТРАЦИИ | |
| Код страны | Российская Федерация |
| Номер | КН-П-18-022403 |
| Номер Листа государственной регистраци | КН-П-18-1631 |
| 035 ## - ДРУГИЕ СИСТЕМНЫЕ НОМЕРА | |
| Идентификатор записи | (NLR Aleph) 011691032 |
| 035 ## - ДРУГИЕ СИСТЕМНЫЕ НОМЕРА | |
| Идентификатор записи | (RuMoRGB)009584287 |
| 100 ## - ДАННЫЕ ОБЩЕЙ ОБРАБОТКИ | |
| Данные общей обработки | 20180428d2017 k y0rusy50 ca |
| 101 0# - ЯЗЫК РЕСУРСА | |
| Язык текста, звукозаписи и т.д. | русский |
| 102 ## - СТРАНА ПУБЛИКАЦИИ ИЛИ ПРОИЗВОДСТВА | |
| Страна публикации | Российская Федерация |
| 105 ## - ПОЛЕ КОДИРОВАННЫХ ДАННЫХ: ТЕКСТОВЫЕ МАТЕРИАЛЫ, МОНОГРАФИЧЕСКИЕ | |
| Кодированные данные о монографическом текстовом документе | |||z|||100zy |
| 200 1# - ЗАГЛАВИЕ И СВЕДЕНИЯ ОБ ОТВЕТСТВЕННОСТИ | |
| Основное заглавие | Развитие познавательной активности учащихся и студентов через научно-техническую и исследовательскую деятельность |
| Сведения, относящиеся к заглавию | сборник статей по материалам IX и X областных научно-практических конференций им. Ф.А. Блинова (20 апреля 2017 года) |
| Первые сведения об ответственности | Министерство образования Саратовской области, Государственное автономное образовательное учреждение "Поволжский колледж технологий и менеджмента" |
| Последующие сведения об ответственности | [под ред. Е.Ю. Шепелевой и др.] |
| 210 ## - ПУБЛИКАЦИЯ, РАСПРОСТРАНЕНИЕ И ДР. | |
| Место издания, распространения и т.д. | Балаково |
| Имя издателя, распространителя и т. д. | Поволжский колледж технологий и менеджмента |
| Дата издания, распространения и т.д. | 2017 |
| 215 ## - ФИЗИЧЕСКАЯ ХАРАКТЕРИСТИКА | |
| Специфическое обозначение материала и объем | 287 с. |
| Другие сведения о физической характеристике | ил., табл. |
| Размеры | 21 |
| 601 02 - НАИМЕНОВАНИЕ ОРГАНИЗАЦИИ КАК ПРЕДМЕТ | |
| Начальный элемент ввода | Поволжский колледж технологий и менеджмента |
| Идентифицирующий признак | Балаково, город; Саратовская область |
| Код системы | nlr_sh2 |
| Идентификатор авторитетной/нормативной записи | RU\NLR\AUTH\6601596069 |
| 606 1# - НАИМЕНОВАНИЕ ТЕМЫ КАК ПРЕДМЕТ | |
| Наименование темы | Образовательные учреждения |
| Тематический подзаголовок | Научно-исследовательская работа учащихся |
| Географический подзаголовок | Саратовская область |
| Формальный подзаголовок | Съезды, совещания и т.п |
| Код системы | nlr_sh2 |
| Идентификатор авторитетной/нормативной записи | RU\NLR\AUTH\6601596071 |
| 610 0# - НЕКОНТРОЛИРУЕМЫЕ ПРЕДМЕТНЫЕ ТЕРМИНЫ | |
| Предметный термин | исследовательская деятельность учащихся |
| 610 0# - НЕКОНТРОЛИРУЕМЫЕ ПРЕДМЕТНЫЕ ТЕРМИНЫ | |
| Предметный термин | исследовательская деятельность студентов |
| 610 0# - НЕКОНТРОЛИРУЕМЫЕ ПРЕДМЕТНЫЕ ТЕРМИНЫ | |
| Предметный термин | познавательная активность |
| 686 ## - ИНДЕКСЫ ДРУГИХ КЛАССИФИКАЦИЙ | |
| Индекс | Ч31,6(2)268я431(2) |
| Код системы | |
| 686 1# - ИНДЕКСЫ ДРУГИХ КЛАССИФИКАЦИЙ | |
| Индекс | Ч474(2Р-4Са)7 |
| 686 1# - ИНДЕКСЫ ДРУГИХ КЛАССИФИКАЦИЙ | |
| Индекс | Ч312.68я431 |
| 702 #1 - ИМЯ ЛИЦА - ВТОРИЧНАЯ ОТВЕТСТВЕННОСТЬ | |
| Начальный элемент ввода | Шепелева |
| Часть имени, кроме начального элемента ввода | Е. Ю. |
| Расширение инициалов личного имени | Елена Юрьевна |
| Код отношения | Редактор |
| 711 12 - НАИМЕНОВАНИЕ ОРГАНИЗАЦИИ - АЛЬТЕРНАТИВНАЯ ОТВЕТСТВЕННОСТЬ | |
| Начальный элемент ввода | "Развитие познавательной активности учащихся и студентов через научно-техническую и исследовательскую деятельность", областная научно-практическая конференция им. Ф. А. Блинова |
| Порядковый номер временной организации и / или порядковый номер ее части | 9 |
| Дата проведения временной организации | 2016 |
| Идентификатор авторитетной/нормативной записи | RU\NLR\AUTH\880470288 |
| 711 12 - НАИМЕНОВАНИЕ ОРГАНИЗАЦИИ - АЛЬТЕРНАТИВНАЯ ОТВЕТСТВЕННОСТЬ | |
| Начальный элемент ввода | "Развитие познавательной активности учащихся и студентов через научно-техническую и исследовательскую деятельность", областная научно-практическая конференция им. Ф. А. Блинова |
| Порядковый номер временной организации и / или порядковый номер ее части | 10 |
| Дата проведения временной организации | 2017 |
| Идентификатор авторитетной/нормативной записи | RU\NLR\AUTH\880470291 |
| 712 02 - НАИМЕНОВАНИЕ ОРГАНИЗАЦИИ - ВТОРИЧНАЯ ОТВЕТСТВЕННОСТЬ | |
| Начальный элемент ввода | Поволжский колледж технологий и менеджмента |
| Идентифицирующий признак | Балаково |
| Идентификатор авторитетной/нормативной записи | RU\NLR\AUTH\880420735 |
| Код отношения | Организатор конференции |
| 942 ## - ДОПОЛНИТЕЛЬНЫЕ ЭЛЕМЕНТЫ ЗАПИСИ (АБИС) | |
| Тип экземпляра АБИС | Книга |
| 980 ## - КОЛЛЕКЦИЯ | |
| Название коллекции | НБР |
| 980 ## - КОЛЛЕКЦИЯ | |
| Название коллекции | Национальная библиография |
Нет доступных экземпляров.